Top 50 Most Visited Countries (2023) - Statistics

General Stats
  • This quiz has been taken 106 times
  • The average score is 42 of 50
Answer Stats
# Country Tourists
(M)
% Correct
1 France 100
100%
15 Japan 25
99%
2 Spain 85.1
99%
45 Brazil 5.9
98%
20 Canada 18.3
97%
4 Italy 57.2
97%
3 United States 66.4
97%
40 Australia 7.1
95%
47 China 5.6
95%
21 Hong Kong (China) 17.1
95%
26 Macau (China) 14.2
95%
7 United Kingdom 37.2
95%
6 Mexico 41.9
94%
31 South Korea 11
94%
8 Germany 34.8
93%
9 Greece 32.7
93%
25 India 14.3
93%
16 Russia 24.5
93%
5 Türkiye 55.1
93%
23 Egypt 14.9
92%
36 South Africa 8.4
92%
38 Sweden 7.5
91%
11 Thailand 28.1
91%
44 Ireland 6.3
90%
17 Netherlands 20.3
90%
14 Portugal 26.5
90%
30 Switzerland 11.5
89%
39 Argentina 7.2
88%
35 Belgium 9.2
88%
19 Poland 18.9
88%
13 Saudi Arabia 27.4
88%
12 United Arab Emirates 28.1
88%
10 Austria 30.9
86%
24 Morocco 14.5
86%
27 Denmark 14.1
85%
29 Vietnam 12.6
85%
22 Croatia 16.8
80%
32 Czechia 10.2
77%
18 Malaysia 20.1
77%
48 Colombia 5.6
75%
46 Iran 5.8
75%
28 Hungary 12.9
74%
43 Taiwan 6.4
67%
34 Tunisia 9.3
63%
50 Bulgaria 5.5
59%
49 Slovakia 5.6
59%
37 Dominican Republic 8
53%
33 Albania 9.6
45%
42 Uzbekistan 6.6
16%
41 Kyrgyzstan 6.9
8%
No matching quizzes found
Score Distribution
Percent of People with Each Score
Percentile by Number Answered
Your Score History
You have not taken this quiz